000 00637nam a2200181Ia 4500
008 100921s9999 xx 000 0 und d
082 _b15485
_a178 थ 67
100 _aलिमये हरी.
245 _aदारूबंदीची नशा.
260 _bरूची प्रकाशन,पुणे.
_c1967
300 _a91
_b---
365 _b3.5
520 _aनीतिशास्त्र-व्यसने.
630 _aदारूबंदीची नशा.
650 _aनीतिशास्त्र-व्यसने.
730 _aदारूबंदीची नशा.
942 _cBOOK
999 _c764598
_d764595